000 00599nam a2200181 i 4500
001 62498
003 ES-MaACL
005 20230906164659.0
007 t|
008 031121s1948 sp cf |||| | spa d
100 1 _aFernández-Flórez, Darío.
_949786
245 1 0 _aCrítica al viento
_b: guía crítica del lector /
_cDarío Fernández-Flórez ; prólogo de Miguel Pérez Ferrero.
260 _aMadrid :
_b[s.n.],
_c1948.
300 _a494 p., 1 lám. retr. autor ;
_c20 cm.
700 1 _aPérez Ferrero, Miguel,
_d1905-1978
_990864
852 _aES-MaACL
_jC-5097
999 _c62498
_d62498